Statistics for Reality TV Show by Synopsis #2

Click here to take the quiz!

General Stats

  • This quiz has been taken 26,992 times
    (16,194 since last reset)
  • The average score is 11 of 17

Answer Stats

SummaryAnswer% Correct
Two guys perform experiments that debunk (and sometimes confirm) urban legendsMythbusters
90%
Tyra Banks hazes aspiring modelsAmerica's Next Top Model
85%
Celebrities and athletes compete in a dancing competitionDancing with the Stars
82%
These Armenian-Americans are famous for being famousKeeping up with the
Kardashians
80%
Priceless family heirloom? This Las Vegas pawn shop will give you $20 for itPawn Stars
75%
Ashton Kutcher plays pranks on his favorite celebsPunk'd
73%
This wealthy Southern family likes duck hunting but not homosexualityDuck Dynasty
66%
Man travels across America, trying to defeat food by eating itMan vs. Food
66%
Some say man is the most dangerous game. These guys think its crabDeadliest Catch
65%
Unsuspecting people get their cars tricked out by West Coast CustomsPimp my Ride
62%
Once the bounty hunter catches you, he offers friendly life coachingDog the Bounty Hunter
57%
Regular people do crazy stunts, which often involve eating disgusting foodFear Factor
57%
A New Jersey bakery makes fancy cakesCake Boss
56%
Drivers bring needed supplies to Canada's remote northern outpostsIce Road Truckers
52%
Speech-impaired rocker lives in Los Angeles with his wife and childrenThe Osbournes
52%
These careers are hazardous, strange, or just plain gross. But someone's gotta do 'emDirty Jobs
51%
It's a regular day in a Miami tattoo parlorMiami Ink
49%

Score Distribution

Percentile by Number Answered

Percent of People with Each Score

Your Score History

You have not taken this quiz since the last reset